The market for virtue: the potential and limits of corporate social responsibility

Ebook from IG Library

Guardat en:
Dades bibliogràfiques
Autor principal: Vogel , David
Format: Llibre
Idioma:Undetermined
Publicat: Brookings Institution Press 2005
Matèries:
Accés en línia:http://lrc.tdmu.edu.vn/opac/search/detail.asp?aID=2&ID=39005
Etiquetes: Afegir etiqueta
Sense etiquetes, Sigues el primer a etiquetar aquest registre!
Thư viện lưu trữ: Trung tâm Học liệu Trường Đại học Thủ Dầu Một
LEADER 00700nam a2200181Ia 4500
001 TDMU_39005
008 210410s9999 xx 000 0 und d
082 |a 331.1109597 
100 |a Vogel , David 
245 4 |a The market for virtue: the potential and limits of corporate social responsibility 
245 0 |c David Vogel 
260 |b Brookings Institution Press 
260 |c 2005 
300 |a 245Pages 
520 |a Ebook from IG Library 
650 |a Business  |x Management; Kinh doanh  |x Đạo đức nghề nghiệp; Doanh nghiệp  |x Quản lý 
856 |u http://lrc.tdmu.edu.vn/opac/search/detail.asp?aID=2&ID=39005 
980 |a Trung tâm Học liệu Trường Đại học Thủ Dầu Một